<?xml version="1.0" encoding="UTF-8"?>
<marc:record xmlns:marc="http://www.loc.gov/MARC21/slim">
   <marc:leader>00000nam a2200000 a 4500</marc:leader>
   <marc:datafield ind1=" " ind2=" " tag="653">
      <marc:subfield code="a">Kassette / Kinder- und Jugendbücher/Jugendbücher ab 12 Jahre</marc:subfield>
   </marc:datafield>
   <marc:datafield ind1=" " ind2=" " tag="653">
      <marc:subfield code="a">CD</marc:subfield>
   </marc:datafield>
   <marc:datafield ind1="0" ind2="0" tag="245">
      <marc:subfield code="a">Trix Solier</marc:subfield>
   </marc:datafield>
   <marc:datafield ind1="0" ind2="0" tag="245">
      <marc:subfield code="c">Sergej Lukianenko. Regie: Kai Lüftner. Gelesen von Stefan Kaminski. Aus dem Russ. von Christian Pöhlmann</marc:subfield>
   </marc:datafield>
   <marc:datafield ind1=" " ind2="1" tag="264">
      <marc:subfield code="a">München</marc:subfield>
      <marc:subfield code="b">Der Hörverl.</marc:subfield>
      <marc:subfield code="c">2010</marc:subfield>
   </marc:datafield>
   <marc:datafield ind1="1" ind2=" " tag="520">
      <marc:subfield code="a">Angaben aus der Verlagsmeldung

Trix Solier, Zauberlehrling voller Fehl und Adel / von Sergej Lukianenko

Durch einen gemeinen Putsch hat der 14jährige Trix seine Eltern und sein Erbe, das Co-Herzogtum Solier, verloren. Er schwört Rache. Doch bevor er als ernstzunehmender Gegner in Betracht kommt, muss der Thronerbe erst einmal einen Magierlehrgang bei Zauberer Sauerampfer durchlaufen und Fürstin Tiana aus den Händen Untoter retten. Wie er dabei eine eifersüchtige, Rauschkraut naschende Fee ins Leben ruft, der Erfindung der ersten Fast-Food- Kette beiwohnt und eine Intrige gegen König Marcel den Lustigen verhindert, ist ein einziges Hörvergnügen. 6 CD, Gekürzte Lesung ab 10 Jahren
</marc:subfield>
   </marc:datafield>
   <marc:datafield ind1=" " ind2=" " tag="020">
      <marc:subfield code="a">9783867176385</marc:subfield>
      <marc:subfield code="9">9783867176385</marc:subfield>
   </marc:datafield>
   <marc:datafield ind1="0" ind2=" " tag="490">
      <marc:subfield code="v">0</marc:subfield>
   </marc:datafield>
   <marc:datafield ind1=" " ind2=" " tag="300">
      <marc:subfield code="a">6 CDs</marc:subfield>
   </marc:datafield>
</marc:record>
